00469cam a22001692 4500001001100000005001700011008004100028020001200069040001500081050001800096100003800114245005900152260003700211300001100248362001200259650002800271000000209920151217151839.0070402s xx 000 0 eng d cKES 665 aKABUcKABU 0aHF5635b.S2511 aSaleemi, Nisar Ahmad.@000015129910aAdvanced financial accounting simplified. :bvolume I. aNairobi :bN. A. Saleemi,c1995. a483 p.0 avol. I. 0aAccounting.@0000148321